MARC

LEADER 00000nam0a2200000 4500
001 281210
005 20231101235400.0
035 |a (RuTPU)RU\TPU\book\304870 
090 |a 281210 
100 |a 20150120d1986 k y0rusy50 ca 
101 0 |a rus 
102 |a RU 
105 |a a z 001zy 
200 1 |a Глубинное строение и структурно-формационные зоны Западной Сибири  |e сборник научных трудов  |f Западно-Сибирский научно-исследовательский геологоразведочный нефтяной институт (ЗапСибНИГНИ) ; под ред. И. И. Нестерова 
210 |a Тюмень  |c Изд-во ЗапСибНИГНИ  |d 1986 
215 |a 125 с.  |c ил. 
320 |a Библиография в конце статей 
606 1 |a Земная кора  |x Строение глубинное  |2 stltpush  |3 (RuTPU)RU\TPU\subj\11791  |9 38689 
606 1 |a Зоны структурно-фациальные  |2 stltpush  |3 (RuTPU)RU\TPU\subj\11915  |9 38789 
610 1 |a Западная Сибирь 
610 1 |a литосфера 
610 1 |a развитие 
610 1 |a обменные волны 
610 1 |a палеозоиды 
610 1 |a доюрские образования 
610 1 |a изучение 
610 1 |a линеары 
610 1 |a вулканизм 
610 1 |a полиметаллические месторождения 
675 |a 551.1  |v 3 
675 |a 551.262  |v 3 
702 1 |a Нестеров  |b И. И.  |4 340 
712 0 2 |a Западно-Сибирский научно-исследовательский геологоразведочный нефтяной институт (ЗапСибНИГНИ)  |c (Тюмень)  |2 stltpush  |3 (RuTPU)RU\TPU\col\2064 
801 1 |a RU  |b 63413507  |c 20150120 
801 2 |a RU  |b 63413507  |c 20170313  |g RCR 
942 |c BK